Wünsch, Thomas. Deutsche und Slawen im Mittelalter. - München : Oldenbourg. - 2008 [Rezension]

Titel: Wünsch, Thomas. Deutsche und Slawen im Mittelalter. - München : Oldenbourg. - 2008 [Rezension]
Verfasser:
In: Neues Archiv für sächsische Geschichte, Band 83 (2012), Seite 290-291
alle Artikel anzeigen
Veröffentlicht: 2012
Format: Aufsatz
Sprache: Deutsch
Kein Bild verfügbar
X
alg: 39493529
001A    $01999:12-11-16 
001B    $01999:04-08-21 $t20:59:45.000 
001D    $01999:12-11-16 
001U    $0utf8 
001X    $00 
002@    $0Aox 
003@    $0394935292 
007A    $0394935292 $aHEB 
007T    $0Herdc0097907m 
010@    $ager 
011@    $a2012 
021A    $aWünsch, Thomas. Deutsche und Slawen im Mittelalter. - München : Oldenbourg. -  2008 [Rezension] 
028A    $aBünz $dEnno 
031A    $d83 $h290-291 $j2012 
039B    $aIn $8--Abvc--. Neues Archiv für sächsische Geschichte. - Neustadt a.d. Aisch : Schmidt, 1880-. - ISSN 0944-8195 $x201200000830000710 $9047449519 
039T    $8--Aau--Wünsch, Thomas$Z1962- [Tp3]. Deutsche und Slawen im Mittelalter. - München : Oldenbourg, 2008. - IX, 188 S.. - ISBN 978-3-486-58707-4 $920033994X 
045F    $a900.94371 $eDDC23BSB 
045F/01 $a900 
045F/03 $g4371 
045F/03 $g438 
045T    $a8,1 

lok: 39493529 78

exp: 39493529 78 1 #EPN
201B/01 $026-11-17 $t03:51:22.000 
201U/01 $0utf8 
203@/01 $0791233871 
208@/01 $a12-11-16 $be 
209A/01 $a/ $f000 $x00 
220C/01 $aTitelaufnehmer: pg 
220C/01 $aHerkunft: HI Marburg 
244Z/01 $#Tschechien $#Tschechische Republik $#Tschechische Republik $#Tschechenland $#Tschechei Tschechien $#Česká Republika $#Czech Republic $#ČR $74303381-7 $8--Tg1--Tschechien $x01 $9086659812 
244Z/01 $2Trx $#Böhmen $#Bohemia $#Czechy $8--Trx--Čechy $x02 $9391188941 
244Z/01 $2Trx $#Poola $#Lenkija $#Polija $#Polen Land $#Poland $#Lengyelország $#Poľsko $#Polsko $8--Trx--Polska$gkraj $x03 $9391345966 
244Z/01 $2Trx $#arvustused $#recenzijos $#Reviews $#recenziók $#recenzje $#recenzie $#recenze $8--Trx--Rezensionen $x04 $9391357441 
247C/01 $82080>Marburg/Lahn, Herder-Institut, Forschungsbibliothek, Bibliographieportal $9336309341
LEADER 00000caa a22000002c 4500
001 394935292
003 DE-603
005 20210804205945.0
007 tu
008 161112s2012 xx |||| | u00||u|ger c
035 |a (DE-599)HEB394935292 
040 |a DE-603  |b ger  |c DE-603  |d DE-603 
041 |a ger 
082 0 4 |8 1\u  |a 900.94371  |q DE-101  |2 23/BSB 
084 |a 8,1  |2 ssgn 
085 |8 1\u  |b 900 
085 |8 1\u  |z 2  |s 4371 
085 |8 1\u  |z 2  |s 438 
100 1 |a Bünz, Enno 
245 0 0 |a Wünsch, Thomas. Deutsche und Slawen im Mittelalter. - München : Oldenbourg. - 2008 [Rezension] 
264 0 |c 2012 
773 0 8 |i In  |t Neues Archiv für sächsische Geschichte  |d Neustadt a.d. Aisch : Schmidt, 1880-  |x 0944-8195  |g Band 83 (2012), Seite 290-291  |w (DE-603)047449519  |w (DE-600)280274-0 
787 0 8 |i Rezension von  |a Wünsch, Thomas, 1962-  |t Deutsche und Slawen im Mittelalter  |d München : Oldenbourg, 2008  |h IX, 188 S.  |z 9783486587074  |w (DE-603)20033994X 
924 0 |9 2080  |a (DE-603)791233871  |b DE-2080  |c HES  |d d  |g /